[Event "SLO-chT Central 1st League 20th"]
[Site "Slovenia"]
[Date "2019.11.07"]
[Round "8.2"]
[White "Vertacnik, Viktor"]
[Black "Sfiligoj, Anze"]
[Result "1/2-1/2"]
[WhiteElo "1619"]
[BlackElo "1678"]
[PlyCount "52"]
[EventDate "2019.09.12"]
[EventType "team-tourn"]
[EventRounds "9"]
[EventCountry "SLO"]
[SourceTitle "EXT 2024"]
[Source "ChessBase"]
[SourceDate "2023.10.10"]
[SourceVersion "1"]
[SourceVersionDate "2023.10.10"]
[SourceQuality "1"]
[WhiteTeam "Ljubljana Karel Jeraj"]
[BlackTeam "Ljubljana SK"]
[WhiteTeamCountry "SLO"]
[BlackTeamCountry "SLO"]

1. e4 e5 2. Nf3 Nc6 3. Bc4 Nf6 4. d3 d6 5. Ng5 d5 6. exd5 b5 7. Bxb5 Qxd5 8. Bxc6+ Qxc6 9. Qf3 Bb7 10. Qxc6+ Bxc6 11. 0-0 h6 12. Ne4 Nxe4 13. dxe4 Bxe4 14. Re1 Bxc2 15. Rxe5+ Kd7 16. Re2 Bf5 17. Nc3 Bd6 18. Be3 a6 19. h3 h5 20. Rd2 Rhe8 21. Rc1 Be4 22. Nxe4 Rxe4 23. Rd4 Rae8 24. Rxe4 Rxe4 25. Rd1 Ke6 26. Rf1 Be5 1/2-1/2

[Event "SLO-chT Central 1st League 20th"]
[Site "Slovenia"]
[Date "2019.10.24"]
[Round "7.2"]
[White "Sfiligoj, Anze"]
[Black "Ocepek, Jan"]
[Result "1-0"]
[WhiteElo "1678"]
[BlackElo "1247"]
[PlyCount "123"]
[EventDate "2019.09.12"]
[EventType "team-tourn"]
[EventRounds "9"]
[EventCountry "SLO"]
[SourceTitle "EXT 2024"]
[Source "ChessBase"]
[SourceDate "2023.10.10"]
[SourceVersion "1"]
[SourceVersionDate "2023.10.10"]
[SourceQuality "1"]
[WhiteTeam "Ljubljana SK"]
[BlackTeam "Menges Trzin III"]
[WhiteTeamCountry "SLO"]
[BlackTeamCountry "SLO"]

1. e4 c5 2. Nf3 d6 3. d4 cxd4 4. Nxd4 Nf6 5. Nc3 e6 6. Be3 Be7 7. Be2 Nc6 8. 0-0 0-0 9. a3 a6 10. f3 Bd7 11. Qd2 Qc7 12. Rfd1 Rfd8 13. Kh1 Nxd4 14. Bxd4 e5 15. Be3 Be6 16. Nd5 Bxd5 17. exd5 Rac8 18. c4 b6 19. Bd3 a5 20. Qf2 Rb8 21. Qh4 Rdc8 22. g4 h6 23. Bxh6 gxh6 24. Qxh6 Qd8 25. g5 Qf8 26. Qxf8+ Kxf8 27. gxf6 Bxf6 28. Rg1 Ke7 29. Rg4 Rg8 30. Rag1 Rxg4 31. Rxg4 Rh8 32. b3 Kd7 33. Kg2 Bh4 34. Rg7 Ke7 35. Bg6 Kf6 36. Rh7 Rxh7 37. Bxh7 Kg5 38. Kf1 f5 39. b4 Kf4 40. Ke2 axb4 41. axb4 e4 42. fxe4 fxe4 43. Bg6 e3 44. Bd3 Bf2 45. Bc2 Kg4 46. Bd1 Kh3 47. c5 bxc5 48. b5 Bh4 49. b6 Bd8 50. b7 Bc7 51. Kxe3 Kxh2 52. Kf4 Kh3 53. Kf5 Kg3 54. Ke6 Kf4 55. Kd7 Bb8 56. Kc8 Ba7 57. Kc7 Ke5 58. Bb3 Kd4 59. Kxd6 c4 60. Bxc4 Kxc4 61. Kc6 Bb8 62. d6 1-0

[Event "SLO-chT1 Central 19th"]
[Site "Slovenia"]
[Date "2018.11.08"]
[Round "8.3"]
[White "Sfiligoj, Anze"]
[Black "Hribar, Franc"]
[Result "1/2-1/2"]
[WhiteElo "1660"]
[BlackElo "1409"]
[PlyCount "80"]
[EventDate "2018.09.13"]
[EventType "team-tourn"]
[EventRounds "9"]
[EventCountry "SLO"]
[SourceTitle "EXT 2021"]
[Source "ChessBase"]
[SourceDate "2020.10.23"]
[SourceVersion "1"]
[SourceVersionDate "2020.10.23"]
[SourceQuality "1"]
[WhiteTeam "Ljubljana SK"]
[BlackTeam "Trzin Menges II"]
[WhiteTeamCountry "SLO"]
[BlackTeamCountry "SLO"]

1. e4 e5 2. Nf3 Nc6 3. d4 d5 4. exd5 Qxd5 5. dxe5 Qxd1+ 6. Kxd1 Bg4 7. Bd3 Nd4 8. Nbd2 Be7 9. h3 Bxf3+ 10. Nxf3 Nxf3 11. gxf3 Bc5 12. Be3 Bxe3 13. fxe3 Ne7 14. e4 Ng6 15. Ke2 Nxe5 16. f4 Ng6 17. Ke3 f6 18. Rhg1 0-0 19. Rg3 Rae8 20. Rag1 Re7 21. f5 Ne5 22. Be2 Kh8 23. h4 c6 24. a4 a6 25. a5 Rg8 26. h5 Nf7 27. Bc4 h6 28. Kd4 Rd8+ 29. Ke3 Ng5 30. Bd3 Rd5 31. Kf4 Rxa5 32. b4 Rae5 33. Re3 Kh7 34. Ra1 Rd7 35. c3 Rde7 36. Re2 Nh3+ 37. Kg3 Ng5 38. Kf4 Rd7 39. Re3 Rd6 40. Rg3 Rd7 1/2-1/2